000 00883nam a2200265 a 4500
008 951212s1977||||[C 0 slo c
020 _c11 Kčs.
_q(10000 výtl.)
040 _aSNK
_bslo
_cSNK
_eAACR2
041 1 _aslo
_hbul
044 _axo
_cSK
080 _a886.7-96:336.74
080 _a336.74
080 _a336.74
080 _a886.7-96
100 1 _aTRENDAFILOV, Tončo
_4aut
245 1 0 _aPeniaze
_bRozprávanie o prevteleniach a podstate hmatateĺného božstva
_cTončo TRENDAFILOV ; Tončo Trendafilov, Dušan Sládek, Oto Takáč
250 _a1., vyd.
260 _aBratislava
_bPravda
_c1977
_eBratislava
_fPravda
300 _a139 s., 8,38 AH
_bFot.
_c21 cm
500 _aKniha je vhodná ako dopl. lit. k učebniciam politickej ekonómie.
700 1 _aTrendafilov, Tončo
_4aut
700 1 _aSládek, Dušan
_4trl
700 1 _aTakáč, Oto
_4bkd
958 _aA
999 _c14981
_d14981